000 01302cam a2200289 a 4500
001 13993717
003 OSt
005 20230915141637.0
008 050607s2006 ilua 000 0 eng
010 _a 2005014768
020 _a0736055428 (soft cover)
040 _aDLC
_cDLC
_dDLC
050 0 0 _aGV1185
_b.H38 2006
082 0 0 _a799.32
_bHAY/A
100 1 _aHaywood, Kathleen.
245 1 0 _aArchery :
_bsteps to success /
_cKathleen M. Haywood, Catherine F. Lewis.
250 _a3rd ed.
260 _aChampaign, IL :
_bHuman Kinetics,
_cc2006.
300 _a196 p. :
_bill. ;
_c28 cm.
505 0 _aFitting equipment -- Shooting safely -- Shooting with good form -- Refining technique -- Sighting and aiming -- Anchoring -- Analyzing performance -- Upgrading, tuning, and maintaining equipment -- Sharpening mental skills -- Competing in target archery -- Bowhunting.
650 0 _aArchery.
700 1 _aLewis, Catherine,
_d1957-
856 4 1 _3Table of contents
_uhttp://www.loc.gov/catdir/toc/ecip0513/2005014768.html
906 _a7
_bcbc
_corignew
_d1
_eecip
_f20
_gy-gencatlg
942 _2ddc
_cBK
_h796.32
_iHAY/A
_k796.32
_mHAY/A
999 _c42481
_d42481